| 000 | 00493cam a2200193ua 4500 | ||
|---|---|---|---|
| 001 | 3797 | ||
| 005 | 20260515113730.0 | ||
| 008 | 111221n ii |||gr||||Z||||||asm | ||
| 040 | _cMAIN | ||
| 082 | _a891.4514 | ||
| 100 |
_aNeog, Dimbeswar, _eAuthor. |
||
| 245 | 1 | 1 |
_aAsomiya sahityar adhyayan _cby Dimbeswar Neog |
| 250 | _a1st. | ||
| 260 |
_aGuwahati: _bSuwani Prakash,964. |
||
| 300 |
_a280p: _c23cm. |
||
| 653 | _aAssamese literature | ||
| 653 | _aAsomiya sahityar adhyayan | ||
| 942 | _cBK | ||
| 999 |
_c3619 _d3619 |
||